000 00718nam a2200241Ia 4500
003 OSt
005 20220925202111.0
006 a|||||r|||| 00| 0
007 ta
008 220923b |||||||| |||| 00| 0 eng d
037 _cGeneral Book
040 _aRTL
_cRTL
_beng
041 _2eng
_aeng
082 _aV2y7N23, M6/TD
100 _aBhattacharya Sabyasachi Ed.
245 0 _aSituating Indian history for Sarvepalli Gopal
260 _aDelhi
_bOxford University Press India
_c1986
300 _aviii,463p.
_ccm.
650 _aIndian History
700 _a Thapar Romila
942 _hV2y7N23, M6/TD
_cGB
_2CC
999 _c542511
_d542511